Statistiques concernant NBA MVP from 1980 to 2023

Cliquez ici pour prendre le quiz!

Statistiques générales

  • Ce quiz a été pris 332 fois
  • Le résultat moyen est 37 sur 44

Statistiques - réponses

HintRéponse% Correct
2009LeBron James
98%
2013LeBron James
98%
2010LeBron James
98%
2012LeBron James
98%
2016Stephen Curry
98%
2015Stephen Curry
98%
1996Michael Jordan
97%
1988MIchael Jordan
97%
1998Michael Jordan
97%
1992Michael Jordan
97%
1991Michael Jordan
97%
2021Nikola Jokic
96%
2022Nikola Jokic
96%
2018James Harden
94%
2023Joel Embiid
93%
2014Kevin Durant
93%
2008Kobe Bryant
93%
2019Giannis Antetokounmpo
91%
2020Giannis Antetokounmpo
91%
2017Russell Westbrook
90%
2000Shaquille O'Neal
90%
2002Tim Duncan
85%
2003Tim Duncan
85%
1984Larry Bird
84%
1985Larry Bird
84%
1986Larry Bird
84%
2011Derrick Rose
82%
2006Steve Nash
80%
2005Steve Nash
80%
2001Allen Iverson
77%
1990Magic Johnson
77%
1989Magic Johnson
77%
1987Magic Johnson
77%
2007Dirk Nowitzki
75%
1994Hakeem Olajuwon
72%
1997Karl Malone
70%
1999Karl Malone
70%
1983Moses Malone
69%
1982Moses Malone
69%
2004Kevin Garnett
68%
1980Kareem Abdul-Jabbar
66%
1995David Robinson
61%
1993Charles Barkley
55%
1981Julius Erving
44%

Distribution des résultats

Percentile par nombre de réponses

% des personnes avec chaque résultat

Votre développement - résultats

Vous n’avez pas pris ce quiz